000 00500nam a2200145 i 4500
001 20883
003 ES-MaACL
005 20230906152400.0
007 t|
008 021119s1981 sp ||||1| spa d
245 0 0 _aActos conmemorativos del IV centenario del nacimiento de Francisco de Quevedo y Villegas
_b: octubre-noviembre de 1980.
260 _aVillanueva de los Infantes (Ciudad Real) :
_b[Ayuntamiento Sto. Tomás,
_c1981]
300 _a168 p. ;
_c26 cm.
852 _aES-MaACL
_jL-1342
_bR.102048
999 _c20883
_d20883